Virginia High School Teams By District - Statistics

General Stats
  • This quiz has been taken 49 times
  • The average score is 66 of 318
Answer Stats
District School % Correct
Piedmont George Washington
63%
Bay Rivers York
63%
River Ridge Blacksburg
58%
Jefferson Charlottesville
58%
Concorde James Madison
58%
Patriot South County
58%
Eastern Booker T. Washington
53%
Concorde Centreville
53%
Patriot Fairfax
53%
Seminole Jefferson Forest
53%
Colonial John Marshall
53%
Concorde Oakton
53%
Capital Patrick Henry (Ashland)
53%
Hogoheegee Patrick Henry (Glade Spring)
53%
River Ridge Patrick Henry (Roanoke)
53%
Cardinal Potomac Senior
53%
Concorde South Lakes
53%
National Thomas Jefferson
53%
Liberty Yorktown
53%
Jefferson Albemarle
47%
Patriot Alexandria City
47%
Concorde Chantilly
47%
Seminole Heritage
47%
Dulles Heritage (Leesburg)
47%
Peninsula Heritage (Newport News)
47%
Seminole Liberty
47%
Jefferson Western Albemarle
47%
Concorde Westfield
47%
National Annandale
42%
Dominion Cosby
42%
Cedar Run Gainesville
42%
Liberty George C Marshall
42%
Capital Hanover
42%
Liberty Langley
42%
Catoctin Loudoun County
42%
Dulles Loudoun Valley
42%
Liberty McLean
42%
Beach Ocean Lakes
42%
Liberty Wakefield
42%
Cardinal Woodbridge
42%
Capital Atlee
37%
Cedar Run Battlefield
37%
Patriot C G Woodson
37%
Dulles Dominion
37%
Seminole EC Glass
37%
National Hayfield
37%
Liberty Herndon
37%
Pioneer Highland
37%
Dominion James River (Midlothian)
37%
Catoctin John Champe
37%
Patriot Lake Braddock
37%
Potomac Lightridge
37%
Dominion Midlothian
37%
Commonwealth North Stafford
37%
Patriot Robinson
37%
Commonwealth Stafford
37%
Liberty Washington‐Liberty
37%
Patriot West Potomac
37%
Patriot West Springfield
37%
Catoctin Broad Run
32%
Colonial Deep Run
32%
National Edison
32%
National Falls Church
32%
Cardinal Freedom (Woodbridge)
32%
Southeastern Grassfield
32%
Potomac Independence
32%
Mountain 7 Lee
32%
Seminole Liberty Christian
32%
Jefferson Louisa County
32%
Northwestern Manassas Park
32%
Northwestern Meridian
32%
Jefferson Monticello
32%
National Mt Vernon
32%
Jefferson Orange County
32%
Cedar Run Patriot
32%
Seminole Amherst County
26%
Dogwood Appomattox
26%
Potomac Briar Woods
26%
Seminole Brookville
26%
James River Buckingham
26%
Battlefield Caroline
26%
Bull Run Central (Woodstock)
26%
Dominion Clover Hill
26%
Central Dinwiddie
26%
Cardinal Forest Park
26%
Tri-Rivers Franklin
26%
Cedar Run Freedom (South Riding)
26%
Cardinal Garfield
26%
Beach Green Run
26%
Valley Harrisonburg
26%
Capital Henrico
26%
Colonial Hermitage
26%
Bay Rivers Jamestown
26%
National John R. Lewis
26%
National Justice
26%
Capital Mechanicsville
26%
Dogwood Nelson County
26%
Cedar Run Osbourn
26%
Cedar Run Osbourn Park
26%
Bull Run Page County
26%
River Ridge Salem
26%
Beach Salem (Virginia Beach)
26%
Central Thomas Dale
26%
Southwest Virginia High
26%
3 Rivers Alleghany
21%
Tri-Rivers Appomattox Regional Governor's School
21%
Mountain Empire Auburn
21%
River Ridge Cave Spring
21%
Mountain 7 Central (Wise)
21%
Cardinal Charles J Colgan
21%
River Ridge Christiansburg
21%
James River Cumberland
21%
Beach Bayside
21%
Pioneer Eastern Montgomery
21%
Jefferson Fluvanna
21%
Shenandoah Fort Defiance
21%
Colonial Glen Allen
21%
Jefferson Goochland
21%
Capital Highland Springs
21%
Northwestern John Handley
21%
Colonial Maggie Walker Governor's School
21%
Dominion Manchester
21%
Piedmont Martinsville
21%
Commonwealth Massaponax
21%
Dominion Monacan
21%
Bay Rivers New Kent
21%
3 Rivers Patrick County
21%
River Ridge Pulaski County
21%
Commonwealth Riverbend
21%
Shenandoah Riverheads
21%
Potomac Riverside
21%
Dulles Rock Ridge
21%
Seminole Rustburg
21%
Northwestern Sherando
21%
Battlefield Spotsylvania
21%
Shenandoah Staunton
21%
Potomac Stone Bridge
21%
Bay Rivers Tabb
21%
Southwest Tazewell
21%
Valley Turner Ashby
21%
Dulles Tuscarora
21%
Cedar Run Unity Reed
21%
Shenandoah Waynesboro
21%
Valley William Monroe
21%
Mountain 7 Abingdon
16%
Dogwood Altavista
16%
James River Amelia
16%
Capital Armstrong
16%
Piedmont Bassett
16%
Mountain Empire Bland County
16%
Northwestern Brentsville District
16%
Valley Broadway
16%
Commonwealth Brooke Point
16%
Shenandoah Buffalo Gap
16%
3 Rivers Carroll County
16%
Cardinal C D Hylton
16%
Eastern Shore Chincoteague
16%
Northern Neck Colonial Beach
16%
Pioneer Craig County
16%
Battlefield Culpeper County
16%
Battlefield Eastern View
16%
Valley East Rockingham
16%
Northern Neck Essex
16%
Northwestern Fauquier
16%
3 Rivers Floyd County
16%
Blue Ridge Franklin County
16%
Mountain Empire Galax
16%
Dogwood Galileo Magnet
16%
Mountain Empire Giles
16%
Mountain Empire Grayson County
16%
Tri-Rivers Greensville County
16%
Dogwood Gretna
16%
Black Diamond Grundy
16%
Piedmont Halifax County
16%
Peninsula Hampton
16%
Eastern I C Norcom
16%
Battlefield James Monroe
16%
Colonial J.R Tucker
16%
Peninsula Kecoughtan
16%
Northwestern Kettle Run
16%
Battlefield King George
16%
Bay Rivers Lafayette
16%
Northern Neck Lancaster
16%
Dominion L.C. Bird
16%
Blue Ridge Lord Botetourt
16%
Piedmont Magna Vista
16%
Central Meadowbrook
16%
James River Nottoway
16%
Southeastern Oscar Smith
16%
Catoctin Park View
16%
Tri-Rivers Park View (South Hill)
16%
Central Petersburg
16%
Peninsula Phoebus
16%
Potomac Potomac Falls
16%
James River Prince Edward County
16%
Central Prince George
16%
3 Rivers Radford
16%
Valley Rockbridge County
16%
Northwestern Skyline
16%
Valley Spotswood
16%
Shenandoah Stuarts Draft
16%
Piedmont Tunstall
16%
Capital Varina
16%
Northwestern Warren County
16%
Blue Ridge William Byrd
16%
Blue Ridge William Fleming
16%
Shenandoah Wilson Memorial
16%
Tri-Rivers Brunswick
11%
Battlefield Chancellor
11%
Tidewater Charles City County
11%
Dogwood Chatham
11%
Eastern Churchland
11%
Bull Run Clarke County
11%
Commonwealth Colonial Forge
11%
Battlefield Courtland
11%
Dogwood Dan River
11%
Southeastern Deep Creek
11%
Colonial Douglas S Freeman
11%
Mountain Empire Fort Chiswell
11%
3 Rivers Glenvar
11%
Peninsula Gloucester
11%
Bay Rivers Grafton
11%
River Ridge Hidden Valley
11%
3 Rivers James River (Buchanan)
11%
Northwestern James Wood
11%
Tidewater King William
11%
Southeastern Lakeland
11%
Eastern Lake Taylor
11%
Beach Landstown
11%
Northwestern Liberty (Bealeton)
11%
Bull Run Luray
11%
Bull Run Madison County
11%
Tidewater Mathews
11%
Central Matoaca
11%
Piedmont Mecklenburg County
11%
Tidewater Middlesex
11%
Commonwealth Mountain View (Stafford)
11%
Pioneer Narrows
11%
Eastern Shore Northampton
11%
Blue Ridge Northside
11%
Pioneer Parry McCluer
11%
Dominion Powhatan
11%
Beach Princess Anne
11%
Northern Neck Rappahannock
11%
Bull Run Rappahannock County
11%
Tri-Rivers Southampton
11%
Blue Ridge Staunton River
11%
Beach Tallwood
11%
Mountain 7 Union
11%
Peninsula Warwick
11%
Southeastern Western Branch
11%
Northern Neck Westmoreland
11%
Tidewater West Point
11%
Dogwood William Campbell
11%
Eastern Shore Arcadia
5%
Pioneer Bath County
5%
Peninsula Bethel
5%
James River Bluestone
5%
Tidewater Carver College & Career Academy
5%
Cumberland Castlewood
5%
James River Central Lunenburg
5%
Hogoheegee Chilhowie
5%
Central Colonial Heights
5%
Black Diamond Council
5%
Peninsula Denbigh
5%
Bay Rivers Bruton
5%
Cumberland Eastside
5%
Beach First Colonial
5%
Beach Floyd E Kellam
5%
Beach Frank W Cox
5%
Mountain 7 Gate City
5%
Mountain Empire George Whythe
5%
Southwest Graham
5%
Eastern Granby
5%
Southeastern Great Bridge
5%
Southeastern Hickory
5%
Hogoheegee Holston
5%
Hogoheegee Honaker
5%
Central Hopewell
5%
Dominion Huguenot
5%
Black Diamond Hurley
5%
Southeastern Indian River
5%
Cumberland J.I. Burton
5%
Mountain 7 John S Battle
5%
Beach Kempsville
5%
Tidewater King & Queen Central
5%
Southeastern King’s Fork
5%
Southwest Lebanon
5%
Eastern Manor
5%
Southwest Marion Senior
5%
Eastern Maury
5%
Peninsula Menchville
5%
Colonial Miles E Godwin
5%
Northwestern Millbrook
5%
Bull Run Mountain View (Quicksburg)
5%
Eastern Shore Nandua
5%
Southeastern Nansemond River
5%
Northern Neck Northumberland
5%
Hogoheegee Northwood
5%
Eastern Norview
5%
Bay Rivers Poquoson
5%
James River Randolph-Henry
5%
Southwest Richlands
5%
Dominion Richmond City
5%
Mountain 7 Ridgeview
5%
Hogoheegee Rural Retreat
5%
Cumberland Rye Cove
5%
Bay Rivers Smithfield
5%
Bull Run Strasburg
5%
Tri-Rivers Sussex Central
5%
Colonial Thomas Jefferson (Richmond)
5%
Cumberland Thomas Walker
5%
Cumberland Twin Springs
5%
Black Diamond Twin Valley
5%
Bay Rivers Warhill
5%
Tri-Rivers Windsor
5%
Catoctin Woodgrove
5%
Peninsula Woodside
5%
No matching quizzes found
Score Distribution
Percent of People with Each Score
Percentile by Number Answered
Your Score History
You have not taken this quiz